000 00689nam a2200253Ia 4500
001 Z_2757
008 220113s1989 xx 000 0 und d
010 _a165816
082 _a633.3 M3
100 _aMarten, G. C.
_9138708
245 _aPersistence of forage legumes /
_cby G. C. Marten... /
_cand others /
_c
260 _aMadison, Wis :
_bAmerican Society of Agronomy,
_c1989
300 _a572 p.
440 _a
500 _a
503 _aC/E
650 _aLeguminosas
_xCongresos
_965817
650 _aPlantas forrajeras
_xCongresos I. American Society of Agronomy
_9139844
901 _a633.3 M3
902 _aA
910 _a1989
942 _cc1
999 _c165816
_d165816